00897nam a2200217 i 4500001000700000003000700007005001700014008004100031080001100072100002800083245013300111250001200244260004700256300003700303505005400340599002800394650002500422852009000447999001900537952012300556189084SpMaBN20250815115529.0190328s1945 sp a |||| | spa d a74(07)1 aFreixas, Emilio.95248310aLecciones de dibujo artístico (1ª parte) b: (cómo aprender a dibujar) / cEmilio Freixas ; [cien ilustraciones del autor]. a3ª ed. aBarcelona : bSuc. de E. Meseguer, c1945. a1 v. (122 p. : bil.) ; c18 cm.8 aContiene: 1ª parte ; tCómo aprender a dibujar aRetr. del autor en cub.07aDibujo2embne911860 aES-MaACLjL-32257 z. - Donat. herederos de la bibl. de Mª del Pilar Costa Palacín c189084d189084 00104070aATENEOMbATENEOMcDEPO2d2019-03-28eDONl0oL-32257p1200258r2023-02-23 00:00:00w2023-02-23yMONOGRAFIA